Albania in the Eurovision Song Contest - Statistics

General Stats
  • This quiz has been taken 30 times
    5 since last reset
  • The average score is 13 of 22
Answer Stats
Answer % Correct
Nân
100%
Zjerm
100%
Duje
75%
Fairytale
75%
I'm Alive
75%
Karma
75%
Mall
75%
Sekret
75%
Suus
75%
Titan
75%
World
75%
Feel the Passion
50%
It's All About You
50%
Ktheju tokës
50%
One Night's Anger
50%
Carry Me in Your Dreams
25%
Hear My Plea
25%
Identitet
25%
The Image of You
25%
Tomorrow I Go
25%
Zemrën e lamë peng
25%
Zjarr e ftohtë
25%
No matching quizzes found
Score Distribution
Percent of People with Each Score
Percentile by Number Answered
Your Score History
You have not taken this quiz since the last reset